BIBLIOTECA PODER JUDICIAL
Portal Judicial TDF

Procedimiento tributario / (Registro nro. 2071)

000 -LEADER
fixed length control field 01906nam a22002897a 4500
003 - CONTROL NUMBER IDENTIFIER
control field OSt
005 - DATE AND TIME OF LATEST TRANSACTION
control field 20191029062543.0
008 - FIXED-LENGTH DATA ELEMENTS--GENERAL INFORMATION
fixed length control field 180309b xxu||||| |||| 00| 0 spa d
020 ## - INTERNATIONAL STANDARD BOOK NUMBER
International Standard Book Number 9501406660
040 ## - CATALOGING SOURCE
Transcribing agency PJ
100 ## - ASIENTO PRINCIPAL - NOMBRE DE PERSONA
9 (RLIN) 607
Personal name Giuliani Fonrouge, Carlos M.
245 10 - MENCIÓN DE TÍTULO
Título propiamente dicho Procedimiento tributario /
Mención de responsabilidad, etc Carlos M. Giuliani Fonrouge, Susana Camila Navarrine.
250 ## - EDITION STATEMENT
Edition statement 5a. ed. act. y amp.
260 ## - PUBLICATION, DISTRIBUTION, ETC. (IMPRINT)
Place of publication, distribution, etc Buenos Aires :
Name of publisher, distributor, etc Depalma,
Date of publication, distribution, etc 1993.
300 ## - DESCRIPCION FISICA
Extent xli, 850 p.
Dimensions 23 cm.
500 ## - NOTA GENERAL
General note En portada: <br/>Ley 11683 (t.o. 1978 y modificaciones). Decreto Reglamentario 1397/79. Régimen Penal Tributario y Previsional (ley 23.771). Comentarios, doctrina y jurisprudencia.
500 ## - NOTA GENERAL
General note Citas y notas bibliográficas a pie de página.<br/>
505 ## - FORMATTED CONTENTS NOTE
Formatted contents note <br/>Contenido:<br/>Ley 11.683. Procedimiento tributario: Competencia y organización de la Dirección General Impositiva -- Disposiciones generales -- Sujeto de los deberes impositivos -- Determinación y percepción de impuestos -- Del pago -- Verificación y fiscalización -- Intereses, ilícitos y sanciones -- De la prescripción -- Procedimiento penal y contencioso-administrativo -- Procedimiento contencio-judicial -- Juicio de ejecución fiscal -- Disposiciones varias -- Régimen del Fondo de Estímulo y de autarquía administrativa -- Régimen de actualización -- De la organización y competenciade los Tribunales Fiscales y actuación ante ellos -- De las acciones y recursos -- De la sentencia del tribunal -- Disposiciones generales -- Régimen Penal Tributario y Previsional Ley 23.771 -- Apéndice.
650 #0 - ASIENTO SECUNDARIO DE MATERIA - TERMINO TEMATICO
Topical term or geographic name as entry element DERECHO TRIBUTARIO
9 (RLIN) 339
650 #0 - ASIENTO SECUNDARIO DE MATERIA - TERMINO TEMATICO
Topical term or geographic name as entry element PROCEDIMIENTO TRIBUTARIO
9 (RLIN) 573
650 #0 - ASIENTO SECUNDARIO DE MATERIA - TERMINO TEMATICO
Topical term or geographic name as entry element REGIMEN PENAL TRIBUTARIO
9 (RLIN) 705
650 #0 - ASIENTO SECUNDARIO DE MATERIA - TERMINO TEMATICO
Topical term or geographic name as entry element LEY PENAL TRIBUTARIA
9 (RLIN) 3225
650 #0 - ASIENTO SECUNDARIO DE MATERIA - TERMINO TEMATICO
Topical term or geographic name as entry element EVASIÓN PREVISIONAL
9 (RLIN) 3062
650 #0 - ASIENTO SECUNDARIO DE MATERIA - TERMINO TEMATICO
Topical term or geographic name as entry element DELITOS TRIBUTARIOS
9 (RLIN) 706
700 ## - ADDED ENTRY--PERSONAL NAME
Personal name Navarrine, Susana Camila
9 (RLIN) 567
942 ## - ADDED ENTRY ELEMENTS (KOHA)
Source of classification or shelving scheme
Koha item type Libros
Classification part 336.2
Item part GIU
Existencias
Withdrawn status Lost status Source of classification or shelving scheme Damaged status Not for loan Permanent Location Current Location Date acquired Full call number Date last seen Price effective from Koha item type
          Biblioteca Poder Judicial Sur Biblioteca Poder Judicial Sur 2018-11-26 336.2 GIU 2018-11-26 2018-11-26 Libros

12 de Octubre 789 Ushuaia - Tel:  54(02901)441571
Horario de Atención: 8.00 a 17.00 hs. 
bibliotecaush@justierradelfuego.gov.ar
koha@justierradelfuego.gov.ar
Seguinos en nuestras redes @bibliojustdf 

Con tecnología Koha